Представление документа в формате RUSMARC

ПолеНазваниеЗначение
  Тип записи a
  Библиографический уровень m
001 Контрольный номер RU/SLIB/B/208750481
005 Дата корректировки 20201206204129.4
010 Индекс ISBN __
d Цена 4500-00
101 Язык документа __
a Язык текста rus
200 Заглавие и сведения об ответственности 1_
a Заглавие Персонажи славянской мифологии
e Сведения, относящиеся к заглавию слов. рис.
f Первые сведения об ответственности сост. А. А. Кононенко
b Общее обозначение материала Текст
210 Выходные данные __
a Место издания Киев
c Издательство Фирма "Корсар"
d Дата издания 1993
215 Физическое описание __
a Объем 224 с.
606 Тематические рубрики __
a Основная рубрика Фольклор
606 Тематические рубрики __
a Основная рубрика Мировой фольклор
610 Ключевые слова __
a Ключевые слова мифологические персонажи; славянская литература; славянская мифология
686 Индексы других классификаций __
a Классификационный индекс 82.3(0)я2
702 Вторичная интеллектуальная ответственность __
a Фамилия Кононенко
b Имя А. А.
4 Код отношения Составитель
801 Источник записи _0
a Страна RU
b Организация Муниципальное бюджетное учреждение культуры "Централизованная библиотечная система" г. Сургут (Центральная городская библиотека им. А. С. Пушкина)
g Правила каталогизации КиК/Елгина
801 Источник записи _1
a Страна RU
b Организация Муниципальное бюджетное учреждение культуры "Централизованная библиотечная система" г. Сургут (Центральная городская библиотека им. А. С. Пушкина)
g Правила каталогизации КиК/Елгина
852 Данные о местонахождении __
j Шифр хранения 82.3(0)я2
c Каталожный индекс 82.3(0)я2
i Авторский знак П 27
p Инвентарный номер 50092
901 Тип документа __
t Тип документа m
990 Данные о заказе (DOS) __
j Количество экземпляров (DOS) 1